00610nam a2200205Ia 4500020001800000082001600018245006500034260004300099300001400142504001900156650002700175650003100202650002200233650001700255650002300272650003700295650001900332700002300351700003000374 a0-8014-8941-5 a340.11 FEM- 0aFeminism confronts homo economicus: gender, law, and society aIthacabCornell University Pressc2005 axvii, 515 aincludes index aFeminist jurisprudence aSociological jurisprudence aLaw and economics aEconomic man aFeminist economics aNeoclassical school of economics aHome economics aDougherty, Terence aFineman, Martha Albertson